K spoločnému podniku ako forme koncentrácie v nadväznosti na program Leniency a účinná ľútosť podľa Trestného zákona

Postup a podmienky na uplatnenie programu zhovievavosti resp. Leniency programu. Účastníci koncentrácie, Leniency a účinná ľútosť podľa Trestného zákona.

Salvato in:
Dettagli Bibliografici
Autore principale: Kurilovská, Lucia
Natura: Capitolo di libro
Lingua:slovacco
Soggetti:
Tags: Aggiungi Tag
Nessun Tag, puoi essere il primo ad aggiungerne!!

MARC

LEADER 00000naa a2200000 4500
001 0156656
005 20231208095731.0
041 0 |a slo 
044 |a SK 
245 1 0 |a K spoločnému podniku ako forme koncentrácie v nadväznosti na program Leniency a účinná ľútosť podľa Trestného zákona  |c Lucia Kurilovská 
520 |a Postup a podmienky na uplatnenie programu zhovievavosti resp. Leniency programu. Účastníci koncentrácie, Leniency a účinná ľútosť podľa Trestného zákona. 
610 2 0 |a koncentrácia 
610 2 0 |a podnik spoločný 
610 2 0 |a ochrana súťaže hospodárskej 
610 2 0 |a právo trestné 
100 1 |a Kurilovská, Lucia